000 00601nam a2200241Ia 4500
003 OSt
005 20221005122841.0
006 a|||||r|||| 00| 0
007 ta
008 221004b |||||||| |||| 00| 0 san d
024 _a42957
037 _cTextual
040 _aCRL
_cCRL
_bsan
041 _2san
_asan
082 _aO142,3M28x, 15L0
100 _aTolstoy L N
_9504823
245 0 _aKathe Daskam
260 _c1970
650 _a ENGLISH LITERATURE
650 _aRUSSIAN LITERATURE
942 _hO142,3M28x, 15L0
_cTEXL
_2cc
999 _c1045605
_d1045605